000
00323nam a2200145Ia 4500
100
_a
Feigenbaum/ A.V.
942
_c
BK
654
_a
Total quality control
245
_a
Total Quality Control
260
_b
Mc Graw Hill
_a
Singapore
_c
1993
082
_a
620.0045
_b
PAN
300
_a
228
546
_a
ENGLISH
999
_c
31482
_d
31482